| 000 | 00652cam a2200265I 4500 | ||
|---|---|---|---|
| 999 |
_c7833 _d7833 |
||
| 001 | 7833 | ||
| 003 | BD-JhCC | ||
| 005 | 20181003174011.0 | ||
| 008 | 750521s1962 enk 000 0 eng d | ||
| 029 | 1 |
_aUKM _bb6218463 |
|
| 035 | _aBD-JhCC | ||
| 035 | _a(BD-JhCC)7833 | ||
| 035 | _a41417 | ||
| 040 |
_aORL _cORL _dUKM _dOCL _dBD-JhCC |
||
| 041 | _aeng | ||
| 082 |
_bSPE 1962 _a923.6 |
||
| 092 | _bSpe | ||
| 100 | 1 | _aSpencer, John | |
| 245 | 1 | 0 |
_aWorkers for humanity / _cJohn Spencer, |
| 260 |
_aLondon, _bGeorge G. Harrap & Co. _c[c1962] |
||
| 300 |
_a106 p. _billus. |
||
| 650 | 0 |
_aHumanists _vBiography. |
|
| 942 |
_2ddc _cBK |
||